GOOD Music Artists - Statistics

General Stats
  • This quiz has been taken 20 times
  • The average score is 6 of 21
Answer Stats
Status Song Artist % Correct
Current, Founder Stronger Kanye West
100%
Former, Rapper Day 'n' Nite Kid Cudi
65%
Current, Rapper Mo Bamba Sheck Wes
53%
Former, Rapper If You Know You Know Pusha T
47%
Former, Rapper Blessings Big Sean
35%
Former, Rapper Panda Desiigner
35%
Former, Rapper Taste Tyga
35%
Former, Rapper Drive Slow GLC
29%
Former, Singer 90210 Kacy Hill
29%
Current, Singer Escapism 070 Shake
24%
Former, Rapper Go! Common
24%
Former, Singer Ordinary People John Legend
24%
Former, Duo Reborn Kids See Ghosts
24%
Former, Rapper Ms. Fat Booty Mos Def
24%
Former, Singer Paranoid Mr Hudson
24%
Former, Singer Gonna Love Me Teyana Taylor
24%
Former, Rapper Spaceship Consequence
18%
Former, Rapper Bonita Applebum Q-Tip
12%
Former, Duo On The Way Twenty88
6%
Former, Rapper Womp Womp Valee
6%
Former, Duo Teleport 2 Me, Jamie WZRD
6%
No matching quizzes found
Score Distribution
Percent of People with Each Score
Percentile by Number Answered
Your Score History
You have not taken this quiz